Химия. Базовые понятия Общей химии для предбакалавров. Часть I: электронный курс
| Autor principal: | |
|---|---|
| Autor corporatiu: | |
| Altres autors: | |
| Sumari: | Заглавие с экрана Онлайн-курс «Химия. Базовые понятия Общей химии для предбакалавров" разработан для иностранных граждан, обучающихся на подготовительном отделении Национального исследовательского Томского политехнического университета. Цель курса - овладение химической терминологией и лексико-грамматическими конструкциями русского языка в химии, которые необходимы при изучении университетского курса “Химия” на русском языке, а также других общепрофессиональных и специальных дисциплин в соответствии с выбранным направлением. Доступ по логину и паролю |
| Idioma: | rus |
| Publicat: |
Томск, TPU Moodle, 2020
|
| Matèries: | |
| Accés en línia: | https://design.lms.tpu.ru/course/view.php?id=3587 |
| Format: | MixedMaterials Electrònic Llibre |
| KOHA link: | https://koha.lib.tpu.ru/cgi-bin/koha/opac-detail.pl?biblionumber=666114 |
MARC
| LEADER | 00000nlm0a2200000 4500 | ||
|---|---|---|---|
| 001 | 666114 | ||
| 005 | 20240115143814.0 | ||
| 035 | |a (RuTPU)RU\TPU\network\37318 | ||
| 035 | |a RU\TPU\network\37317 | ||
| 090 | |a 666114 | ||
| 100 | |a 20211206d2020 m y0rusy50 ca | ||
| 101 | 0 | |a rus | |
| 102 | |a RU | ||
| 105 | |a a j 000zy | ||
| 135 | |a jrcn ---uucaa | ||
| 181 | 0 | |a i | |
| 182 | 0 | |a b | |
| 200 | 1 | |a Химия. Базовые понятия Общей химии для предбакалавров. Часть I |e электронный курс |f Н. Б. Шахова, Г. В. Кашкан |g Национальный исследовательский Томский политехнический университет, Школа базовой инженерной подготовки, Отделение естественных наук | |
| 203 | |a Текст |c электронный | ||
| 210 | |a Томск |c TPU Moodle |d 2020 | ||
| 300 | |a Заглавие с экрана | ||
| 330 | |a Онлайн-курс «Химия. Базовые понятия Общей химии для предбакалавров" разработан для иностранных граждан, обучающихся на подготовительном отделении Национального исследовательского Томского политехнического университета. Цель курса - овладение химической терминологией и лексико-грамматическими конструкциями русского языка в химии, которые необходимы при изучении университетского курса “Химия” на русском языке, а также других общепрофессиональных и специальных дисциплин в соответствии с выбранным направлением. | ||
| 333 | |a Доступ по логину и паролю | ||
| 606 | 1 | |a Химия |2 stltpush |3 (RuTPU)RU\TPU\subj\17362 |9 43035 | |
| 610 | 1 | |a электронный ресурс | |
| 610 | 1 | |a труды учёных ТПУ | |
| 610 | 1 | |a электронное обучение | |
| 610 | 1 | |a электронные курсы ТПУ | |
| 610 | 1 | |a электронные учебные пособия | |
| 610 | 1 | |a учебные пособия | |
| 610 | 1 | |a электронные образовательные ресурсы | |
| 610 | 1 | |a химические термины | |
| 610 | 1 | |a неорганические соединения | |
| 610 | 1 | |a стехиометрия | |
| 610 | 1 | |a строение атома | |
| 610 | 1 | |a химические связи | |
| 610 | 1 | |a растворы | |
| 610 | 1 | |a химические реакции | |
| 610 | 1 | |a комплексные соединения | |
| 610 | 1 | |a электрохимические процессы | |
| 675 | |a 54(075.4) |v 3 | ||
| 700 | 1 | |a Шахова |b Н. Б. |c химик |c доцент Томского политехнического университета, кандидат химических наук |f 1982- |g Нина Борисовна |3 (RuTPU)RU\TPU\pers\25653 |9 11564 | |
| 701 | 1 | |a Кашкан |b Г. В. |c химик |c доцент Томского политехнического университета, кандидат химических наук |f 1948- |g Галина Валериановна |3 (RuTPU)RU\TPU\pers\25971 |9 11821 | |
| 712 | 0 | 2 | |a Национальный исследовательский Томский политехнический университет |b Школа базовой инженерной подготовки |b Отделение естественных наук |3 (RuTPU)RU\TPU\col\23562 |
| 801 | 2 | |a RU |b 63413507 |c 20220627 |g RCR | |
| 856 | 4 | |u https://design.lms.tpu.ru/course/view.php?id=3587 | |
| 942 | |c CF | ||